Statistiques concernant Personnages célèbres - Série 13

Cliquez ici pour prendre le quiz!

Statistiques générales

  • Ce quiz a été pris 138 fois
  • Le résultat moyen est 8 sur 15

Statistiques - réponses

Réponse% Correct
Brad Pitt
90%
Tom Cruise
85%
Alain Chabat
83%
Clint Eastwood
71%
Luc Besson
68%
Omar Sharif
59%
Pierre Desproges
54%
André Dussolier
50%
Roger Moore
44%
Mathieu Kassovitz
42%
Olivier Marchal
33%
Patrice Leconte
30%
Jean Cocteau
20%
Bertrand Tavernier
16%
Charles Vanel
15%

Distribution des résultats

Percentile par nombre de réponses

% des personnes avec chaque résultat

Votre développement - résultats

Vous n’avez pas pris ce quiz